Slurry transport using centrifugal pumps / (Record no. 5342)
[ view plain ]
| 000 -LEADER | |
|---|---|
| fixed length control field | 00839nac a22002411u 4500 |
| 010 ## - LIBRARY OF CONGRESS CONTROL NUMBER | |
| LC control number | 91040537 |
| 020 ## - INTERNATIONAL STANDARD BOOK NUMBER | |
| International Standard Book Number | 1851667458 |
| 082 00 - DEWEY DECIMAL CLASSIFICATION NUMBER | |
| Classification number | 621.8672 |
| Item number | WIL |
| 090 ## - LOCALLY ASSIGNED LC-TYPE CALL NUMBER (OCLC); LOCAL CALL NUMBER (OCLC) | |
| -- | 5342 |
| -- | 5342 |
| 100 ## - MAIN ENTRY--PERSONAL NAME | |
| Personal name | Wilson, K. C. |
| 245 10 - TITLE STATEMENT | |
| Title | Slurry transport using centrifugal pumps / |
| Statement of responsibility, etc | by K.C. Wilson, G.R. Addie, and R. Clift. |
| 260 ## - PUBLICATION, DISTRIBUTION, ETC. (IMPRINT) | |
| Place of publication, distribution, etc | London ; |
| -- | New York : |
| Name of publisher, distributor, etc | Elsevier Applied Science,1992 |
| Date of publication, distribution, etc | c1992. |
| 300 ## - PHYSICAL DESCRIPTION | |
| Extent | x, 355 p. : |
| Other physical details | 98 ill. ; |
| Dimensions | 25 cm. |
| 440 #0 - | |
| -- | Elsevier handling and processing of solids series |
| 500 ## - GENERAL NOTE | |
| General note | distributer: Al-Ahram |
| 504 ## - BIBLIOGRAPHY, ETC. NOTE | |
| Bibliography, etc | Includes bibliographical references and index. |
| 511 ## - PARTICIPANT OR PERFORMER NOTE | |
| Participant or performer note | catalogued by: wessam |
| 650 #0 - SUBJECT ADDED ENTRY--TOPICAL TERM | |
| Topical term or geographic name as entry element | Slurry pipelines. |
| 650 #0 - SUBJECT ADDED ENTRY--TOPICAL TERM | |
| Topical term or geographic name as entry element | Centrifugal pumps. |
| 700 1# - ADDED ENTRY--PERSONAL NAME | |
| Personal name | Addie, G. R. |
| 700 1# - ADDED ENTRY--PERSONAL NAME | |
| Personal name | Clift, R. |
| Fuller form of name | (Roland) |
| 942 ## - ADDED ENTRY ELEMENTS (KOHA) | |
| Item type | Book - Borrowing |
| Call number prefix | 621.8672WIL |
| Withdrawn status | Item status | Damaged status | Not for loan | Home library | Current library | Shelving location | Date acquired | Source of acquisition | Total Checkouts | Full call number | Barcode | Date last seen | Koha item type |
|---|---|---|---|---|---|---|---|---|---|---|---|---|---|
| Central Library | Central Library | First floor | 24/10/2007 | Purchase | 621.8672WIL | 000006684 | 15/07/2025 | Book - Borrowing |